[Event "Nicolosi Etna op 1st"]
[Site "Nicolosi"]
[Date "2014.12.06"]
[Round "3"]
[White "Iannello, Antonio"]
[Black "Musso, Andrea"]
[Result "1-0"]
[WhiteElo "1907"]
[BlackElo "1697"]
[PlyCount "75"]
[EventDate "2014.12.05"]
[EventType "swiss"]
[EventRounds "7"]
[EventCountry "ITA"]
[SourceTitle "CBM 163 Extra"]
[Source "ChessBase"]
[SourceDate "2014.12.23"]
[SourceVersion "1"]
[SourceVersionDate "2014.12.23"]
[SourceQuality "1"]

1. Nf3 d5 2. g3 Bf5 3. Bg2 c6 4. 0-0 Nd7 5. d3 Ngf6 6. Nbd2 e6 7. Re1 Be7 8. e4 Bg6 9. e5 Ng4 10. h3 Nh6 11. Qe2 0-0 12. g4 Bg5 13. Nxg5 Qxg5 14. Nf3 Qe7 15. Bg5 Qb4 16. c3 Qb5 17. Rad1 Rae8 18. Nd4 Qb6 19. a4 Nc5 20. a5 Qa6 21. Bf1 Bxd3 22. Rxd3 Nxd3 23. Qxd3 Qxa5 24. Qd2 Kh8 25. Bxh6 gxh6 26. Qxh6 Rg8 27. Bd3 Rg7 28. Nf3 Qd8 29. Kh2 Rf8 30. g5 Qe7 31. Rg1 Qd8 32. Rg4 Rg6 33. Qh5 Rfg8 34. Rf4 Qe8 35. Bxg6 fxg6 36. Qg4 Rf8 37. Rf6 Rxf6 38. gxf6 1-0